[Event "17th Delhi GM Open 2019"]
[Site "Delhi"]
[Date "2019.01.10"]
[Round "2"]
[White "Patil, Pratik"]
[Black "Ghaem Maghami, Ehsan"]
[Result "*"]
[WhiteElo "2161"]
[BlackElo "2533"]
[Annotator "TA"]
[PlyCount "27"]
[EventDate "2019.01.09"]
[EventType "swiss"]
[EventCountry "IND"]
[SourceTitle "playchess.com"]
[Source "ChessBase"]
[SourceQuality "1"]

{[%evp 10,11,53,17]} 1. e4 c6 2. d4 d5 3. Nd2 dxe4 4. Nxe4 Nd7 5. Nf3 Ngf6 6. Ned2 {LiveBook: 66 Games} {Predecessor:} g6 $146 7. g3 Bg7 8. Bg2 O-O 9. O-O Re8 10. Re1 Nf8 11. c3 Bf5 12. Qb3 Qc7 13. Ng5 e6 14. h3 {½-½ (44) Kokarev,D (2639)-Burmakin,V (2571) Voronezh 2015} *

[Event "17th Delhi GM Open 2019"]
[Site "Delhi"]
[Date "2019.01.10"]
[Round "2"]
[White "Patil, Pratik"]
[Black "Ghaem Maghami, Ehsan"]
[Result "0-1"]
[WhiteElo "2161"]
[BlackElo "2533"]
[Annotator "TA"]
[PlyCount "174"]
[EventDate "2019.01.09"]
[EventType "swiss"]
[EventCountry "IND"]
[SourceTitle "playchess.com"]
[Source "ChessBase"]
[SourceQuality "1"]

{[%evp 16,174,0,2,12,11,14,4,9,10,14,7,3,0,0,0,0,0,0,0,0,11,8,7,2,0,19,9,16,19,20,20,21,12,29,32,15,0,0,0,19,0,0,0,0,0,0,0,0,0,0,0,0,0,0,0,0,0,0,0,0,0,0,0,0,0,0,0,0,0,0,0,0,0,0,0,0,0,0,0,0,0,0,0,0,0,0,0,0,0,0,0,0,0,0,0,0,0,0,0,0,0,0,0,0,-54,-54,-54,-54,-54,-54,-52,-51,-51,-51,-51,-51,-51,-51,-51,-51,-51,-51,-52,-35,-35,-35,-35,0,0,0,0,0,0,0,0,0,0,0,0,0,0,0,-8,0,-8,-8,-208,-8,-5406,-5358,-208,-208,-29984,-29985,-29986,-29987,-29987,-29988,-29993,-29994]} 1. e4 c6 2. d4 d5 3. Nd2 dxe4 4. Nxe4 Nd7 5. Nf3 Ngf6 6. Ned2 e6 {B17: Caro-Kann: Modern Line (4...Nd7)} (6... g6 7. g3 Bg7 8. Bg2 O-O 9. O-O Re8 10. Re1 Nf8 11. c3 Bf5 12. Qb3 Qc7 13. Ng5 e6 14. h3 {½-½ (44) Kokarev,D (2639)-Burmakin,V (2571) Voronezh 2015}) 7. g3 b6 8. Bg2 Bb7 9. O-O {LiveBook: 4 Games} Be7 10. Qe2 O-O 11. b3 c5 12. Bb2 Qc7 13. c4 Rfe8 $146 ({Predecessor:} 13... cxd4 14. Nxd4 Bxg2 15. Kxg2 {1-0 (57) Kazubek,K (1929)-Marcjanek,L (4) Polanica Zdroj 2007}) 14. Rfe1 Rad8 15. Rad1 a6 16. Ne5 Bxg2 17. Kxg2 cxd4 18. Bxd4 Bb4 19. Nd3 Bd6 20. Bc3 e5 21. Ne4 Nxe4 22. Qxe4 b5 23. Nb4 Bxb4 24. Bxb4 Nf6 25. Rxd8 Qxd8 26. Qb7 bxc4 27. bxc4 h5 28. Bc3 Qd3 29. Qf3 Qxc4 30. Rxe5 Rxe5 31. Bxe5 Ne4 32. Bf4 Qd5 33. h4 a5 {[%cal Ba6a5,Ba5a4][%mdl 32]} 34. a3 a4 35. Kh2 f6 36. Be3 Kf7 37. Qe2 Nd6 38. Qa6 Nc4 39. Qxa4 Ne5 40. Qa7+ Kg6 41. Qc5 Qe4 {[#] White must now prevent ...Nf3+.} 42. Qb4 Nf3+ 43. Kg2 Nxh4+ 44. Kf1 Qd3+ 45. Kg1 Qd1+ 46. Kh2 Nf3+ 47. Kg2 Qd5 48. Kf1 Qd1+ 49. Kg2 {And now Qe4+ would win.} Qd5 50. Kf1 Ne5 51. a4 Nc4 52. Ke2 Ne5 53. Kf1 Qd1+ 54. Kg2 Qd5+ 55. Kf1 Nc4 56. Ke2 Ne5 57. Kf1 Qd3+ 58. Kg2 Nc4 59. Qe7 Qd5+ 60. Kf1 (60. Kh2 $11) 60... Qd1+ 61. Kg2 Nxe3+ 62. Qxe3 {Strongly threatening Qe4+.} Qxa4 $15 {[%mdl 4096] Endgame KQ-KQ} 63. Qd3+ Kh6 64. Qe3+ Kh7 65. Qd3+ g6 $1 {[%cal Bg7g6,Bg6g5][%mdl 32]} 66. Qd5 Qe8 67. Qb7+ Kh6 68. Qf3 Qe6 69. Qa8 g5 70. Qf8+ Kg6 71. Qa8 h4 72. gxh4 gxh4 73. Qh8 Qe4+ 74. Kh2 Kg5 {aiming for ...Qf4+.} 75. Qg7+ Qg6 76. Qd7 Qf5 77. Qg7+ Kf4 {Threatens to win with ...Kf3.} 78. Qa7 Qe5 {...Kf3+ is the strong threat.} 79. Kh3 Qe4 {[%cal Re4h1]} 80. Kh2 Kf3 81. Qb6 $2 (81. Qa3+ $11 {and White has nothing to worry.} Kg4 82. Qh3+ Kg5 83. Qb3) 81... f5 $2 (81... Qe5+ $19 82. Kh3 Qf5+ 83. Kh2 Qf4+ 84. Kh1 h3) 82. Qa7 $2 {[%mdl 8192]} (82. Qb3+ $11 Kxf2 83. Qb6+ Qe3 84. Qb2+ Qe2 85. Qg7) 82... Qf4+ $19 83. Kh1 Qe5 {( -> ...Qe1+)} 84. Qb7+ $2 {[#]} (84. Qa3+ $19 Kxf2 85. Qa7+ Qe3 86. Qa2+ Qe2 87. Qa7+ Kf3 88. Qa3+ Qe3 89. Qa1 Qe4 90. Qg7 Qe1+ 91. Qg1 Qxg1+ 92. Kxg1 Kg3 93. Kf1 h3 94. Ke2 f4 95. Kd2 h2 96. Kc3 f3 97. Kc4 f2 98. Kc5 h1=Q 99. Kd6 f1=Q 100. Kc5 Qb7 101. Kd4 Qbb5 102. Ke4 Qf4#) 84... Qe4 $1 {Black mates.} 85. Qg7 Kxf2+ 86. Kh2 Qf4+ 87. Kh1 Qf3+ {Precision: White = 71%, Black = 68%.} 0-1

[Event "17th Delhi GM Open 2019"]
[Site "Delhi"]
[Date "2019.01.10"]
[Round "2"]
[White "Nikhil Magizhnan"]
[Black "Gukesh D"]
[Result "0-1"]
[WhiteElo "2148"]
[BlackElo "2497"]
[Annotator "TA"]
[PlyCount "56"]
[EventDate "2019.01.09"]
[EventType "swiss"]
[EventCountry "IND"]
[SourceTitle "playchess.com"]
[Source "ChessBase"]
[SourceQuality "1"]

{[%evp 15,56,17,21,-33,-33,-31,-41,-79,-66,-83,-96,-95,-81,-115,-110,-115,-141,-97,-47,-75,-94,-73,-64,-73,-78,-133,-131,-130,-139,-133,-104,-110,-101,-356,-35,-26,-11,-25,-20,-5,-13,-591,-582]} 1. e4 c5 2. Nf3 Nc6 3. c3 Nf6 4. e5 Nd5 5. d4 cxd4 6. Bc4 e6 7. Bxd5 {B22: Sicilian: 2 c3} (7. cxd4 d6 8. O-O Be7 9. a3 O-O 10. Bd3 Bd7 11. Qc2 g6 12. Bh6 Re8 13. Nbd2 Rc8 14. Qd1 dxe5 15. dxe5 Qc7 16. Qe1 Red8 17. Qe4 b5 {½-½ (70) Wang,H (2734)-Yu,Y (2734) Danzhou 2016}) 7... exd5 8. O-O d6 {LiveBook: 17 Games} 9. Bg5 (9. Bf4 $11) 9... Qb6 $15 10. exd6 Bxd6 11. Re1+ Be6 12. Nxd4 Nxd4 $146 ({Predecessor:} 12... O-O 13. Be3 Qxb2 14. Re2 Qxa1 {½-½ (14) Torre,E (2541)-Sriram,J (2399) Kolkata 2001}) 13. Qxd4 Qxb2 14. Qxg7 Kd7 15. Nd2 {[#] Hoping for Rab1.} Rhg8 $1 {[%cal Rg8g7,Bh8g8,Bg8g6,Bg6g4][%mdl 32]} 16. Qh6 Qxc3 17. Nf3 Rg6 18. Qh4 {[#] And now Rac1 would win.} h6 $1 {[%cal Rh6g5][%mdl 512]} 19. Rec1 (19. Bxh6 Qxf3) 19... Qa3 20. Be3 {[#]} (20. Rab1 $142) 20... Rag8 $1 $17 21. Ne1 Rg4 22. Qh5 Qa4 $36 {[%mdl 2048] Strongly threatening ...Rxg2+! White is under strong pressure.} 23. g3 Qe4 {[%cal Rd6g3] aiming for ...Bxg3!} 24. Ng2 $2 {[%mdl 8192]} (24. Rc2 $17) 24... d4 $2 (24... Qf3 $19 {[%cal Rg4g3] ...Rxg3 is the strong threat.} 25. Rab1 b6 26. Qxh6 d4) 25. Qb5+ $1 $15 Kd8 {[#]} 26. Bxd4 $1 {[%mdl 512]} Qxd4 27. Rd1 R8g5 28. Qxg5+ $4 {[%mdl 8192]} ({Wrong is} 28. Qxb7 $2 Qc5 $19) (28. Rxd4 $11 Rxb5 29. Rxd6+ Ke7 30. Rd3) 28... hxg5 {Accuracy: White = 34%, Black = 63%.} 0-1

[Event "17th Delhi GM Open 2019"]
[Site "Delhi"]
[Date "2019.01.10"]
[Round "2"]
[White "Nikhil Magizhnan"]
[Black "Gukesh D"]
[Result "*"]
[WhiteElo "2148"]
[BlackElo "2497"]
[Annotator "TA"]
[PlyCount "28"]
[EventDate "2019.01.09"]
[EventType "swiss"]
[EventCountry "IND"]
[SourceTitle "playchess.com"]
[Source "ChessBase"]
[SourceQuality "1"]

{[%evp 14,15,0,11]} 1. e4 c5 2. Nf3 Nc6 3. c3 Nf6 4. e5 Nd5 5. d4 cxd4 6. Bc4 e6 7. Bxd5 {B22: Sicilian: 2 c3} exd5 8. O-O {LiveBook: 17 Games} {Predecessor:} d6 $146 9. Bg5 Qa5 10. cxd4 h6 11. Bf4 dxe5 12. Nxe5 Be6 13. Nxc6 bxc6 14. Nd2 Be7 {½-½ (43) Plat,V (2454)-Movsesian,S (2655) Teplice 2015} *

[Event "17th Delhi GM Open 2019"]
[Site "Delhi"]
[Date "2019.01.10"]
[Round "2"]
[White "Lokesh, N.."]
[Black "Visakh N R"]
[Result "0-1"]
[WhiteElo "2133"]
[BlackElo "2486"]
[Annotator "TA"]
[PlyCount "58"]
[EventDate "2019.01.09"]
[EventType "swiss"]
[EventCountry "IND"]
[SourceTitle "playchess.com"]
[Source "ChessBase"]
[SourceQuality "1"]

{[%evp 14,58,11,18,40,36,39,36,38,33,42,35,37,37,43,34,44,25,49,13,35,39,36,0,0,0,0,0,0,-66,-61,-216,-216,-223,-223,-227,-218,-240,-260,-283,-286,-319,-328,-327,-327,-327,-314]} 1. e4 c5 2. Nf3 d6 3. d4 cxd4 4. Nxd4 Nf6 5. Nc3 a6 6. Be2 e5 7. Nf3 Qc7 8. a4 {LiveBook: 16 Games. B92: Sicilian Najdorf: 6 Be2} (8. Bg5 Nbd7 9. a4 h6 10. Be3 b6 11. Nd2 Bb7 12. O-O Rc8 13. Bd3 Be7 14. Qe2 Ra8 15. Bc4 O-O {1-0 (46) Anand,V (2794)-Esserman,M (2453) Douglas 2017}) 8... h6 9. Nd2 {[%cal Bf3d2,Bd2f1,Bf1e3,Be3c4][%mdl 32]} Be6 10. Nf1 {White is slightly better.} Nc6 11. Ne3 Nb4 $146 ({Predecessor:} 11... Nd4 12. Bd3 Nc6 13. O-O Be7 14. Ncd5 Qd8 15. Bd2 O-O {½-½ (42) Okara,A (2271)-Maurer,J (2205) Pardubice 2006}) 12. Ncd5 Nbxd5 13. exd5 Bd7 14. a5 Be7 15. O-O O-O 16. Nc4 Bf5 17. Be3 Rae8 18. b4 Be4 19. Bb6 Qc8 20. Ne3 Nd7 $36 {[%mdl 2048] Black is more active.} 21. Bg4 (21. Nc4 $11) 21... f5 $15 {[%cal Bf7f5,Bf5g4][%mdl 32]} 22. f3 $2 {[#]} ({Better is} 22. Bh3 $15) 22... Bxc2 $1 $19 ({Don't take} 22... fxg4 23. fxe4 Rxf1+ 24. Kxf1 $17) 23. Qxc2 Qxc2 ({But not} 23... fxg4 24. Qg6 $17) 24. Nxc2 fxg4 25. Ba7 Ra8 26. Be3 {Black has a decisive advantage.} Rac8 27. Na3 gxf3 28. Rxf3 Rxf3 29. gxf3 Nf6 {Accuracy: White = 47%, Black = 74%.} 0-1

[Event "17th Delhi GM Open 2019"]
[Site "Delhi"]
[Date "2019.01.10"]
[Round "2"]
[White "Lokesh, N.."]
[Black "Visakh N R"]
[Result "*"]
[WhiteElo "2133"]
[BlackElo "2486"]
[Annotator "TA"]
[PlyCount "30"]
[EventDate "2019.01.09"]
[EventType "swiss"]
[EventCountry "IND"]
[SourceTitle "playchess.com"]
[Source "ChessBase"]
[SourceQuality "1"]

{[%evp 13,14,0,29]} 1. e4 c5 2. Nf3 d6 3. d4 cxd4 4. Nxd4 Nf6 5. Nc3 a6 6. Be2 e5 7. Nf3 Qc7 {LiveBook: 33 Games} {Predecessor:} 8. Bg5 $146 Nbd7 9. a4 h6 10. Be3 b6 11. Nd2 Bb7 12. O-O Rc8 13. Bd3 Be7 14. Qe2 Ra8 15. Bc4 O-O {1-0 (46) Anand,V (2794)-Esserman,M (2453) Douglas 2017} *

[Event "17th Delhi GM Open 2019"]
[Site "Delhi"]
[Date "2019.01.10"]
[Round "2"]
[White "Tarun Kanyamarala"]
[Black "Deviatkin, Andrei"]
[Result "0-1"]
[WhiteElo "2120"]
[BlackElo "2461"]
[Annotator "TA"]
[PlyCount "108"]
[EventDate "2019.01.09"]
[EventType "swiss"]
[EventCountry "IND"]
[SourceTitle "playchess.com"]
[Source "ChessBase"]
[SourceQuality "1"]

{[%evp 19,108,15,18,0,0,0,20,-4,8,7,29,29,45,37,36,30,35,42,31,16,23,26,26,-18,-18,-25,-28,-20,52,55,57,0,2,0,0,0,0,0,0,-22,0,-59,-47,-137,-135,-185,-174,-416,-364,-352,-337,-308,-325,-332,-331,-1542,-1514,-1425,-987,-564,-1349,-1276,-551,-1495,0,-29982,-29983,-29982,-530,-29983,-29984,-29984,-29985,-29985,-29986,-29986,-29987,-29986,-29988,-29988,-29989,-29989,-29990,-29990,-29991,-29991,-29977,-29997,-29998,-29998,-29999]} 1. d4 d6 2. c4 e5 3. Nf3 Nd7 4. Nc3 g6 5. g3 Bg7 6. Bg2 Ngf6 7. O-O O-O 8. e4 a6 9. Re1 c6 10. b3 {E68: King's Indian: Fianchetto: 6...Nbd7 7 0-0 e5 8 e4} b5 {LiveBook: 3 Games} 11. cxb5 axb5 12. Bb2 {The position is equal.} Qe7 $146 ({Predecessor:} 12... Bb7 13. dxe5 Nxe5 14. Nxe5 dxe5 15. Qc2 Qb6 16. a4 Rfd8 17. Bf1 Bh6 {1-0 (43) Potkin,V (2593)-Sambuev,B (2485) Sochi 2007}) 13. a4 b4 14. Nb1 Ne8 15. Nbd2 Ba6 16. Qc2 c5 {[%cal Rc5d4]} 17. dxe5 Nxe5 18. Nxe5 Bxe5 19. Bxe5 dxe5 20. Rac1 Rc8 $1 21. Nc4 Bxc4 $1 22. Qxc4 Nd6 23. Qc2 Nb7 ({Black should try} 23... c4 $11) 24. Bf1 $14 Na5 25. Bb5 (25. Red1 $14) 25... Rfd8 $11 26. Red1 Rd4 27. Rxd4 exd4 28. Qd3 Kg7 29. f4 h5 30. e5 ({White should play} 30. h4 $11) 30... h4 $15 31. Bc4 (31. Rf1 $15) 31... hxg3 $1 $17 32. hxg3 Qd7 $1 33. Kg2 $2 (33. Qe4 Nxc4 34. Rxc4) 33... Rh8 34. Qf3 Qh3+ 35. Kf2 Nxc4 36. Rxc4 $19 {[%mdl 4096] Endgame [#] KQR-KQR} Qf5 $1 {[%cal Rf5b1]} 37. Qg2 $2 (37. Rc1 Rh2+ 38. Kg1) 37... Qb1 38. Rxc5 Qb2+ 39. Kf3 Qxb3+ 40. Kg4 Qd3 (40... Qb1 $142 41. Qc2 Qh1) 41. Rc7 b3 $2 {[#]} (41... Qf5+ $19 42. Kf3 b3) 42. Qb7 $2 {[%mdl 8192]} (42. Rxf7+ $3 $11 {[%mdl 512]} Kxf7 43. Qb7+ Ke8 44. Qb8+ Kd7 45. Qb7+ Ke6 46. Qc6+ Kf7 47. Qc7+ Kf8 48. Qb8+ Kg7 49. Qb7+ Kg8 50. Qb8+ Kh7 51. Qb7+ Kh6 52. Qh1+ Kg7 53. Qb7+ Kf8 54. Qb8+ Kf7 55. Qc7+ Kf8 56. Qd8+ Kf7 57. Qf6+ Kg8 58. Qd8+ Kh7 59. Qe7+ Kh6 60. Qh4+ Kg7 61. Qf6+ Kh7 62. Qe7+ Kg8 63. Qd8+ Kh7 64. Qe7+) 42... Qe2+ 43. Qf3 Qa6 (43... Qh2 $142 44. Rxf7+ Kxf7 45. Qb7+ Kg8 46. Qc8+ Kh7 47. Qd7+ Kh6 48. Kf3 b2 49. Qe7 Qh1+ 50. Kf2 Qh2+ 51. Kf3 Rg8 52. g4 Qh3+ 53. Kf2 Qxg4 54. Qb4 Qxf4+ 55. Kg2 Qe4+ 56. Kf2 b1=Q 57. Qxb1 Rf8+ 58. Kg1 Qxb1+ 59. Kg2 Qf1+ 60. Kh2 Rf3 61. e6 Rh3#) 44. Qxb3 Qe2+ {Black mates.} 45. Qf3 Qh2 {[%csl Gg6,Gh8][%cal Rh2h5]} 46. Rxf7+ Kxf7 {[%csl Gg6,Gh8][%cal Rh2h5]} 47. Qb7+ Kg8 {[%csl Gg6,Gh8][%cal Rh2h5]} 48. Qd5+ Kg7 {[%csl Gg6,Gh8][%cal Rh2h5]} 49. Qd7+ Kh6 {[%csl Gg6,Gh6][%cal Rh2h5]} 50. Kf3 Qh1+ 51. Kf2 Rb8 {[%cal Rb8b2]} 52. Qxd4 Rb2+ 53. Ke3 Qe1+ 54. Kd3 Qe2+ {Precision: White = 28%, Black = 68%.} 0-1

[Event "17th Delhi GM Open 2019"]
[Site "Delhi"]
[Date "2019.01.10"]
[Round "2"]
[White "Singh, Arvinder Preet"]
[Black "Karthikeyan, P.."]
[Result "1/2-1/2"]
[WhiteElo "2108"]
[BlackElo "2457"]
[Annotator "TA"]
[PlyCount "93"]
[EventDate "2019.01.09"]
[EventType "swiss"]
[EventCountry "IND"]
[SourceTitle "playchess.com"]
[Source "ChessBase"]
[SourceQuality "1"]

{[%evp 18,93,-8,-22,-15,-19,1,0,0,0,0,0,0,-3,14,-11,39,54,54,49,49,57,58,49,67,47,35,45,89,65,70,49,59,69,77,52,67,65,105,89,93,108,99,8,8,8,8,8,8,8,8,8,140,31,36,35,48,7,88,0,0,0,226,223,217,221,205,-28,0,0,0,0,0,0,0,0,0,-546]} 1. e4 c5 2. Nf3 d6 3. d4 cxd4 4. Nxd4 Nf6 5. Nc3 a6 6. a3 e6 7. Be3 b5 8. Bd3 Bb7 {B80: Sicilian Scheveningen: 6 g3 and 6 Be3, including English Attack} 9. f4 Nbd7 10. Qe2 {LiveBook: 5 Games} (10. O-O Rc8 11. Qf3 g6 12. Qh3 Bg7 13. f5 e5 14. Nde2 d5 15. exd5 Nc5 16. Rad1 O-O 17. Ng3 Nxd3 18. Rxd3 Rc4 19. b3 Rxc3 20. Rxc3 Qxd5 {½-½ (36) Pruijssers,R (2507)-Andersen,M (2590) Netherlands 2017}) 10... Nc5 {[%cal Rf6e4]} 11. Bf2 {[%cal Be3f2,Bf2g3,Bg3e5][%mdl 32]} e5 $146 ({Predecessor:} 11... Be7 12. O-O O-O 13. Kh1 d5 14. e5 Nfe4 15. f5 exf5 16. Nxf5 {1-0 (26) Grela,K (1894)-Pechac,J (2081) Prague 2012}) 12. fxe5 dxe5 13. Nf5 Nxd3+ 14. cxd3 g6 15. Ne3 Be7 16. Bg3 Nh5 17. Bxe5 Bh4+ 18. g3 f6 19. Nf5 {aiming for Nd6+.} fxe5 20. Nxh4 Nf4 21. gxf4 Qxh4+ {[%mdl 64] [#] Double Attack} 22. Qf2 Qxf2+ 23. Kxf2 O-O 24. Ne2 $1 $36 {[%mdl 2048] White has some pressure.} exf4 25. Rhg1 Rad8 26. Rad1 Rf6 27. Kf3 h6 28. h4 h5 29. d4 Bc8 30. e5 (30. Nxf4 $2 Rdf8 $17) (30. Rd2 $16) 30... Bg4+ $1 $11 31. Rxg4 hxg4+ 32. Kxg4 {[%mdl 4096] Endgame KRR-KRN} Rf5 33. Rf1 Kf7 34. Rxf4 Ke6 (34... Rxf4+ $11 35. Kxf4 b4) 35. Re4 (35. Rxf5 $16 gxf5+ 36. Kf3) 35... Kd5 $1 $14 {[%cal Rd5e4]} 36. Nc3+ Ke6 37. d5+ Ke7 (37... Kf7 $1 $11 {remains equal.}) 38. e6 (38. Ne2 $16) 38... Rf2 39. Rf4 Rg2+ $2 ({But not} 39... Rxb2 $2 40. Rf7+ Kd6 41. Ne4+ Kxd5 42. Rd7+ Kxe6 43. Rxd8 $18) (39... Rxf4+ $11 {and Black has nothing to worry.} 40. Kxf4 Rh8) 40. Kf3 $18 Rxb2 {White must now prevent ...Rb3.} 41. Rf7+ Kd6 {[#]} 42. Ra7 $2 ({Only move:} 42. Ne4+ $1 $18 Kxd5 43. Rd7+ {[%mdl 64] Double Attack} Kxe6 44. Rxd8) 42... Rb3 43. Rxa6+ {The position is equal.} Ke7 44. Ra7+ Kd6 (44... Ke8 $5 45. Rc7 $8 Rxd5 $11) 45. Ra6+ Ke7 (45... Ke5 $5 46. Rc6 $8 Rf8+ 47. Kg4 Re8 $11) 46. Ra7+ Kd6 47. Ke4 $2 {[%mdl 40960] Accuracy: White = 51%, Black = 49%. . An unexpected result.} (47. Ra6+ $11 Ke7) 1/2-1/2

[Event "17th Delhi GM Open 2019"]
[Site "Delhi"]
[Date "2019.01.10"]
[Round "2"]
[White "Singh, Arvinder Preet"]
[Black "Karthikeyan, P.."]
[Result "*"]
[WhiteElo "2108"]
[BlackElo "2457"]
[Annotator "TA"]
[PlyCount "28"]
[EventDate "2019.01.09"]
[EventType "swiss"]
[EventCountry "IND"]
[SourceTitle "playchess.com"]
[Source "ChessBase"]
[SourceQuality "1"]

{[%evp 13,14,33,31]} 1. e4 c5 2. Nf3 d6 3. d4 cxd4 4. Nxd4 Nf6 5. Nc3 a6 6. a3 e6 {B90: Sicilian Najdorf: Unusual White 6th moves, 6 Be3 Ng4 and 6 Be3 e5} (6... e5 7. Nf3 Be7 8. Bc4 O-O 9. Bg5 Be6 10. Bxf6 Bxc4 11. Bxe7 Qxe7 12. Nd2 Be6 13. Nf1 Nd7 14. Ne3 Nf6 15. O-O Rac8 16. Qd3 Rc6 17. Rfd1 Rfc8 18. f3 g6 19. Kh1 Kg7 20. Qd2 {½-½ (20) Anand,V (2782)-Nepomniachtchi,I (2729) Riadh 2017}) 7. Be3 b5 {LiveBook: 6 Games} {Predecessor:} 8. g4 $146 Bb7 9. Bg2 Nfd7 10. g5 Nc6 11. O-O Be7 12. Nxc6 Bxc6 13. f4 O-O 14. Qg4 Re8 {½-½ (90) Vocaturo,D (2616)-Huschenbeth,N (2571) Le Castella 2018} *

[Event "17th Delhi GM Open 2019"]
[Site "Delhi"]
[Date "2019.01.10"]
[Round "2"]
[White "Soham Kamotra"]
[Black "Das, Sayantan"]
[Result "0-1"]
[WhiteElo "2087"]
[BlackElo "2451"]
[Annotator "TA"]
[PlyCount "134"]
[EventDate "2019.01.09"]
[EventType "swiss"]
[EventCountry "IND"]
[SourceTitle "playchess.com"]
[Source "ChessBase"]
[SourceQuality "1"]

{[%evp 21,134,-10,0,-72,-16,-41,-46,-112,-116,-145,-145,-137,-143,-111,-122,-137,-147,-137,-133,-163,-137,-197,-197,-189,-183,-191,-183,-145,-143,-133,-140,-143,-141,-200,-183,-192,-183,-187,-187,-187,-182,-233,-204,-236,-232,-253,-256,-267,-262,-260,-206,-208,-200,-205,-204,-199,-189,-165,-120,-122,-116,-116,-116,-116,-109,-109,-29,-109,-109,-109,-109,-109,-109,-109,-109,-465,-316,-445,-110,-702,-660,-659,-603,-1118,-1089,-1127,-1683,-1382,-941,-1800,-1758,-1737,-1626,-1659,-1637,-1663,-1619,-29969,-29975,-29974,-29976,-29962,-29964,-29981,-29982,-29982,-29983,-29983,-29983,-29984,-29985,-29985,-29986,-29986,-29987]} 1. c4 c5 2. g3 g6 3. Bg2 Bg7 4. Nc3 Nc6 5. e4 a6 6. Nge2 Rb8 7. a4 d6 8. d3 Nf6 9. O-O O-O 10. h3 Ne8 11. Be3 Nc7 {LiveBook: 155 Games. A36: Symmetrical English vs ...g6: 4 Bg2 Bg7} (11... Nd4 12. Rb1 Bd7 13. b4 b6 14. f4 Nc7 15. b5 axb5 16. axb5 f5 17. Qd2 Kh8 18. Kh2 e5 19. Rf2 Be6 20. fxe5 dxe5 {1-0 (46) Maghsoodloo,P (2636)-Aryan,C (2536) Abu Dhabi 2018}) 12. Qd2 (12. d4 $11) 12... Ne6 (12... b5 $1 $17 13. axb5 axb5) 13. Rab1 Ned4 {Black is slightly better.} 14. Bxd4 $146 ({White should play} 14. g4 $15) ({Predecessor:} 14. Kh2 Bd7 15. f4 e6 16. g4 f5 17. exf5 exf5 18. g5 Re8 19. Bf2 Nxe2 20. Nxe2 Kh8 21. Rbd1 {½-½ (21) Kachiani Gersinska,K (2361)-Melamed,T (2364) Erfurt 2014}) 14... cxd4 $17 15. Na2 b5 $1 16. cxb5 axb5 17. axb5 Rxb5 18. e5 Nxe5 19. Nxd4 Rb8 20. Rfc1 Bb7 21. Qe2 (21. Qe3 $17 {was necessary.}) 21... Bxg2 $19 22. Kxg2 Rb6 23. Nc3 {[#]} Qa8+ $1 24. Nf3 Rb3 25. Ra1 Qb7 26. Ra2 f5 27. Rc2 (27. Rd1 $17) 27... g5 28. d4 Nxf3 29. Qxf3 Qxf3+ 30. Kxf3 Bxd4 31. Ke2 (31. Kg2 $142) 31... Kf7 32. Ra5 Rfb8 33. Rxf5+ Kg6 34. Rd5 Rxb2 35. Kd3 Bxc3 36. Kxc3 {[%mdl 4096] Endgame KRR-KRR} R8b3+ 37. Kd2 {[#]} Rxc2+ $1 38. Kxc2 {KR-KR} Rf3 39. Rd2 h5 {Strongly threatening ...h4.} 40. Kd1 h4 41. Ke2 Ra3 42. gxh4 gxh4 43. f3 Kg5 ({Black should try} 43... Ra4 $17 {Threatens to win with ...Kf5.} 44. Ke3 Kf6) 44. Kf2 (44. Rd4 $11 {keeps the balance.}) 44... Ra4 $17 {And now ...Kf4 would win.} 45. Ke3 Kf5 46. Rd5+ Kg6 47. Rd3 Kf6 48. f4 $2 {[%mdl 8192]} (48. Rd5 $17 {nothing else works.}) 48... Ra8 49. Kf2 (49. Kf3 {was called for.}) 49... Rg8 $2 (49... Kf5 $19 {Hoping for ...Ra4.} 50. Rd5+ Ke4) 50. Re3 $2 {[%mdl 8192]} (50. Rd5 $17) 50... e6 $19 51. Ra3 Kf5 52. Rd3 d5 {[%cal Bd6d5,Bd5d4][%mdl 32]} 53. Re3 Rg6 54. Re5+ Kxf4 55. Rh5 d4 56. Rxh4+ Ke5 57. Ke2 Kd5 58. Rh5+ e5 59. Kf3 Rf6+ {Black mates.} 60. Ke2 Ke4 61. Rh4+ Rf4 62. Rh8 d3+ 63. Kd2 Rf2+ 64. Kc3 Ke3 65. Rd8 e4 66. h4 Rc2+ 67. Kb3 Rc1 {Accuracy: White = 34%, Black = 75%.} 0-1

[Event "17th Delhi GM Open 2019"]
[Site "Delhi"]
[Date "2019.01.10"]
[Round "2"]
[White "Soham Kamotra"]
[Black "Das, Sayantan"]
[Result "*"]
[WhiteElo "2087"]
[BlackElo "2451"]
[Annotator "TA"]
[PlyCount "28"]
[EventDate "2019.01.09"]
[EventType "swiss"]
[EventCountry "IND"]
[SourceTitle "playchess.com"]
[Source "ChessBase"]
[SourceQuality "1"]

{[%evp 15,16,-7,0]} 1. c4 c5 2. g3 g6 3. Bg2 Bg7 4. Nc3 Nc6 5. e4 a6 6. Nge2 Rb8 7. a4 {A36: Symmetrical English vs ...g6: 4 Bg2 Bg7} d6 8. d3 Nf6 {LiveBook: 14 Games} {Predecessor:} 9. O-O $146 O-O 10. Rb1 Bd7 11. Be3 Ng4 12. Bg5 h6 13. Bc1 Nb4 14. f4 f5 {0-1 (48) Berkes,F (2696)-Tadic,B (2506) Jahorina 2012} *